000 00576nam a2200205Ia 4500
005 20250923145034.0
008 008 250917s9999 xx 000 0 eng d
037 _aTextual
040 _aDSWL
_beng
_cDSWL
041 _aeng
_2eng
084 _aX:97D.2.N6, K2
_qDSWL
100 _aSharma, G.K.
_9831160
245 0 _aLabour movement in India
_cby G.K. Sharma
260 _aNew York
_b University Publier
_c1963
300 _axii,371 p.
365 _aINR
_b15
925 _g15
942 _cTEXL
_hX:97D.2.N6, K2
999 _c1446333
_d1446333